[Event "17th OIBM 2013"]
[Site "Bad Wiessee GER"]
[Date "2013.10.28"]
[Round "4.50"]
[White "Kummerow,H"]
[Black "Marentini,M"]
[Result "0-1"]
[WhiteElo "2288"]
[BlackElo "2085"]

1.e4 d6 2.d4 Nf6 3.Nc3 e5 4.Nf3 Nbd7 5.Bc4 Be7 6.O-O O-O 7.Re1 c6 8.a4 h6
9.h3 Qc7 10.a5 Re8 11.Nh4 Nf8 12.dxe5 dxe5 13.Qf3 Be6 14.Bf1 N8d7 15.Nf5 Bf8
16.g4 Kh7 17.Qg3 b5 18.axb6 Qxb6 19.b3 g6 20.Ne3 Qd4 21.Ned1 Nc5 22.Qf3 Nfd7
23.Bb2 Qd2 24.Ne3 Qd6 25.Nc4 Qe7 26.Na5 Qd6 27.b4 Nb7 28.Nxb7 Qxb4 29.Na5 Qxb2
30.Reb1 Qxc2 31.Bc4 Bxc4 32.Nxc4 Nc5 33.Qxf7+ Bg7 34.Rc1 Qd3 35.Ne3 Rf8 36.Qc4 Qxc4
37.Nxc4 Nb3  0-1

[Event "2nd Karpov Trophy Prelim"]
[Site "Cap d'Agde FRA"]
[Date "2013.10.28"]
[Round "7.2"]
[White "Muzychuk,M"]
[Black "Pelletier,Y"]
[Result "1-0"]
[WhiteElo "2491"]
[BlackElo "2578"]

1.e4 d6 2.d4 Nf6 3.Nc3 e5 4.Nf3 Nbd7 5.Bc4 Be7 6.O-O O-O 7.Re1 c6 8.a4 a5
9.h3 Nb6 10.Bb3 Nfd7 11.Be3 exd4 12.Bxd4 Nc5 13.Bxc5 dxc5 14.Qe2 Qd6 15.Rad1 Qh6
16.Ne5 Bf6 17.Nc4 Nxc4 18.Qxc4 Bd4 19.Ne2 Be6 20.Qd3 Rad8 21.Nxd4 Rxd4 22.Qc3 Rb4
23.Qxc5 Bxb3 24.cxb3 Rxb3 25.Re2 Qe6 26.Qxa5 g6 27.Qc5 b6 28.Qc2 Ra8 29.Red2 Rxa4
30.Rd6 Qc4 31.Qd2 Ra8 32.Qf4 Kg7 33.Qf6+ Kh6 34.e5 c5 35.e6 fxe6 36.Rxe6 Rb4
37.Re7 Rg8 38.Rdd7 Qc1+ 39.Kh2 Qf4+ 40.Qxf4+ Rxf4 41.Kg3 g5 42.Rxh7+ Kg6
43.Rhe7 Rb4 44.Re2 Rf8 45.f3 Rff4 46.Rd6+ Rf6 47.Rd5 Kh6 48.Rde5 Kg6 49.R5e4 Rf4
50.Rxf4 gxf4+ 51.Kg4 Kf6 52.h4 b5 53.h5 c4 54.Rd2 Kg7 55.Kg5 Ra4 56.h6+ Kg8
57.Rd8+ Kh7 58.Rd7+ Kh8 59.Rb7 b4 60.Kxf4 c3 61.bxc3 bxc3+ 62.Ke3 Rc4 63.Rb1 c2
64.Rc1 Rc6 65.Kd3 Rd6+ 66.Kxc2 Rg6 67.g4 Kh7 68.Kd3 Kxh6 69.Ke4 Ra6 70.Rc5 Kg6
71.f4 Re6+ 72.Kf3 Ra6 73.Rg5+ Kf6 74.Re5 Ra3+ 75.Re3 Ra4 76.g5+  1-0

[Event "17th OIBM 2013"]
[Site "Bad Wiessee GER"]
[Date "2013.10.29"]
[Round "5.43"]
[White "Walter,T"]
[Black "Klek,H"]
[Result "1-0"]
[WhiteElo "2082"]
[BlackElo "2283"]

1.d4 d6 2.e4 Nf6 3.Nc3 e5 4.Nf3 Nbd7 5.dxe5 dxe5 6.g4 g6 7.Bc4 Bg7 8.h3 O-O
9.Be3 c6 10.Qd6 Ne8 11.Qd2 Qe7 12.O-O-O Qb4 13.Be2 Nc5 14.a3 Qa5 15.Kb1 Ne6
16.Bc4 Kh8 17.Ng5 Nxg5 18.Bxg5 b5 19.Bb3 Qc7 20.Qd8 f6 21.Be3 Qb7 22.Qd3 Qe7
23.Qd8 Qb7 24.Qa5 Qe7 25.Qb4 Qc7 26.Rd2 a5 27.Qc5 f5 28.gxf5 gxf5 29.Rg1 Nf6
30.Nxb5 Qb7 31.Nd6 Qc7 32.exf5 Bxf5 33.Rxg7 Qxg7 34.Nxf5 Qg1+ 35.Ka2 a4 36.Be6 Qh2
37.Bh6  1-0

[Event "17th OIBM 2013"]
[Site "Bad Wiessee GER"]
[Date "2013.10.30"]
[Round "6.36"]
[White "Maier,Al"]
[Black "Marentini,M"]
[Result "1-0"]
[WhiteElo "2311"]
[BlackElo "2085"]

1.e4 d6 2.d4 Nf6 3.Nc3 e5 4.dxe5 dxe5 5.Qxd8+ Kxd8 6.Bc4 Ke8 7.Nf3 Bd6 8.h3 a6
9.a4 Nbd7 10.O-O Nc5 11.Re1 Be6 12.Bf1 h6 13.Nd2 g5 14.Nc4 Ke7 15.Na5 Rab8
16.Bd2 Ncd7 17.Nd1 Kf8 18.b4 Kg7 19.Nb2 b5 20.Nc6 Rb6 21.axb5 axb5 22.Na7 c6
23.c3 Ra8 24.Ra5 c5 25.Nxb5 Rxa5 26.bxa5 Ra6 27.Nxd6 Rxd6 28.Rc1 c4 29.Nxc4 Bxc4
30.Bxc4 Nxe4 31.Be3 Ndc5 32.Bxc5 Nxc5  1-0

[Event "Stockholm All Saints Open 2013"]
[Site "Stockholm SWE"]
[Date "2013.10.31"]
[Round "2.11"]
[White "Gundersen,I"]
[Black "Pettersson,Tob"]
[Result "0-1"]
[WhiteElo "1775"]
[BlackElo "2104"]

1.e4 d6 2.d4 Nf6 3.Nc3 c6 4.Bd3 e5 5.Nge2 Qb6 6.dxe5 dxe5 7.O-O Be7 8.Be3 Qxb2
9.Rb1 Qa3 10.Rb3 Qa5 11.Qb1 O-O 12.Kh1 b5 13.f4 Ng4 14.Bg1 Be6 15.h3 Bxb3
16.axb3 b4 17.Na4 Nf6 18.fxe5 Qxe5 19.Bh2 Qa5 20.Rf5 Qd8 21.e5 Nd5 22.Qe1 g6
23.Qf2 Nd7 24.Bg3 N7b6 25.Qf3 Nxa4 26.bxa4 Qd7 27.Rh5 f5 28.exf6 Bxf6 29.Rf5 gxf5
30.Bxf5 Qg7 31.Bd6 Rfe8 32.Ng3 Re1+ 33.Kh2 Be5 34.Bxe5 Qxe5 35.Qg4+ Kh8 36.Qh5 Nf6  0-1

[Event "17th OIBM 2013"]
[Site "Bad Wiessee GER"]
[Date "2013.11.01"]
[Round "8.50"]
[White "Meyer,Pe2 GER"]
[Black "Pohle,D"]
[Result "0-1"]
[WhiteElo "2084"]
[BlackElo "2234"]

1.d4 d6 2.e4 Nf6 3.Nc3 e5 4.dxe5 dxe5 5.Qxd8+ Kxd8 6.Bc4 Be6 7.Bxe6 fxe6
8.Nf3 Bd6 9.h3 Ke7 10.O-O Nbd7 11.a3 Rhb8 12.Re1 b5 13.b3 a5 14.Bb2 a4 15.bxa4 bxa4
16.Reb1 Rb6 17.Nd2 Rc6 18.Kf1 Nb6 19.Ra2 Ra5 20.Ke2 Rac5 21.Kd3 Nc4 22.Nxc4 Rxc4
23.Ba1 Rd4+ 24.Ke2 Bc5 25.Kf3 Rd2 26.Ne2 Nxe4  0-1

[Event "17th OIBM 2013"]
[Site "Bad Wiessee GER"]
[Date "2013.11.01"]
[Round "8.34"]
[White "Zude,A"]
[Black "Seidel,J"]
[Result "1-0"]
[WhiteElo "2416"]
[BlackElo "2061"]

1.e4 d6 2.d4 Nf6 3.Nc3 e5 4.Nf3 Nbd7 5.Bc4 Be7 6.O-O O-O 7.a4 c6 8.Re1 Qc7
9.h3 b6 10.Ba2 a6 11.Rb1 Bb7 12.Bd2 Rfe8 13.Qe2 Rac8 14.dxe5 Nxe5 15.Ng5 h6
16.f4 hxg5 17.fxe5 dxe5 18.Bxg5 b5 19.Rf1 Rcd8 20.Rf3 Rd4 21.Rbf1 Bc8 22.Rg3 Rd6
23.Kh2 Be6 24.Bxf6  1-0

[Event "TCh-NOR Eliteserien 2013-14"]
[Site "Oslo NOR"]
[Date "2013.11.01"]
[Round "1.2"]
[White "Berg,E"]
[Black "Harestad,H"]
[Result "1-0"]
[WhiteElo "2547"]
[BlackElo "2284"]

1.e4 d6 2.d4 Nf6 3.Nc3 e5 4.Nf3 Nbd7 5.Bc4 Be7 6.O-O O-O 7.a4 a5 8.Re1 c6
9.Ba2 exd4 10.Nxd4 Nc5 11.h3 Qb6 12.Rb1 Re8 13.Be3 Bf8 14.Qf3 Qb4 15.g4 Be6
16.Nxe6 fxe6 17.Bd2 Qb6 18.g5 Nfd7 19.Be3 Qb4 20.Red1 Be7 21.Rd4 Qb6 22.Qh5 g6
23.Qe2 Rf8 24.f4 Rf7 25.Qg4 d5 26.exd5 exd5 27.b4 axb4 28.Rdxb4 Qa5 29.Nxd5 cxd5
30.Bxd5 Nf8 31.f5 gxf5 32.Bxf7+ Kxf7 33.Qxf5+ Kg8 34.Rf4 Nce6 35.Qf7+ Kh8
36.Qxe7 Qc3 37.Bd4+  1-0

[Event "80th ch-BRA S/F 1 2013"]
[Site "Rio de Janeiro BRA"]
[Date "2013.11.01"]
[Round "3.6"]
[White "Guimaraes,W"]
[Black "Umetsubo,C"]
[Result "1/2-1/2"]
[WhiteElo "2256"]
[BlackElo "2310"]

1.e4 d6 2.d4 Nf6 3.Nc3 c6 4.a4 e5 5.Nf3 Nbd7 6.Bc4 Be7 7.O-O O-O 8.a5 Nxe4
9.Nxe4 d5 10.Bb3 dxe4 11.Nxe5 Nxe5 12.dxe5 a6 13.Qh5 g6 14.Qe2 Bf5 15.g4 Be6
16.Bh6 Re8 17.Bxe6 fxe6 18.Qxe4 Bg5 19.Rad1 Qe7 20.Bxg5 Qxg5 21.h3 Rad8 22.Rfe1 Rf8
23.Rxd8 Rxd8 24.Re3 Rd5 25.Qb4 Rxe5 26.Qxb7 Rxe3 27.Qb8+ Kf7 28.Qa7+ Kf6
29.Qd4+ Ke7 30.fxe3 Qxa5 31.b4 Qd5  1/2-1/2

[Event "52nd TCh-DEN XtraCon 2013-14"]
[Site "Denmark DEN"]
[Date "2013.11.02"]
[Round "1.5"]
[White "Nordenbaek,J"]
[Black "Veng,J"]
[Result "1-0"]
[WhiteElo "2255"]
[BlackElo "2232"]

1.e4 d6 2.d4 Nf6 3.Nc3 e5 4.Nf3 Nbd7 5.Be2 g6 6.O-O Bg7 7.dxe5 dxe5 8.h3 O-O
9.Bc4 h6 10.a4 Nh5 11.a5 Nc5 12.Be3 Ne6 13.a6 Nd4 14.Nb5 Nxb5 15.Bxb5 Qf6
16.Qd5 c6 17.axb7 Bxb7 18.Qd7 cxb5 19.Qxb7 a6 20.Ba7 Qe6 21.Rxa6 Qc4 22.c3 Nf4
23.Rfa1 Qe2 24.Nh4 Qxb2 25.g3 Nxh3+ 26.Kg2 Ng5 27.Nxg6 fxg6 28.Rxg6 Nf7 29.Rh1 Qa2
30.Be3 Rab8 31.Qd7 Rbd8 32.Qg4 Ng5 33.Rhxh6 Rxf2+ 34.Bxf2 Rd2  1-0

[Event "3rd Panama Open"]
[Site "Panama City PAN"]
[Date "2013.11.02"]
[Round "4.16"]
[White "Cardenas Carbajal,Nilson"]
[Black "Gomez Ledo,R"]
[Result "0-1"]
[WhiteElo "1975"]
[BlackElo "2426"]

1.e4 d6 2.d4 Nf6 3.Nc3 Nbd7 4.Bc4 e5 5.Nf3 Be7 6.O-O O-O 7.h3 c6 8.a4 a5
9.Qe2 exd4 10.Nxd4 Nc5 11.Rd1 Ne8 12.Be3 Bd7 13.Rd2 Qc7 14.Rad1 Kh8 15.Nf5 Bxf5
16.exf5 b6 17.Re1 Bf6 18.g4 d5 19.Bxd5 Bxc3 20.bxc3 cxd5 21.g5 Rd8 22.Qh5 Qe5
23.Qg4 Nd6 24.f6 g6 25.Rde2 Qf5 26.Qh4 h5 27.Bxc5 bxc5 28.Re5 Qxc2 29.Rxd5 Nf5
30.Rxd8 Rxd8 31.Qf4 Qxc3 32.Rb1 Qxh3 33.Qc7 Qg4+ 34.Kh2 Qh4+ 35.Kg2 Qxg5+  0-1

[Event "80th ch-BRA S/F 1 2013"]
[Site "Rio de Janeiro BRA"]
[Date "2013.11.02"]
[Round "4.18"]
[White "Cunha,E"]
[Black "De Haro,M"]
[Result "0-1"]
[WhiteElo "2213"]
[BlackElo "2058"]

1.e4 d6 2.d4 Nf6 3.Nc3 Nbd7 4.Bc4 e5 5.Nf3 Be7 6.Bxf7+ Kxf7 7.Ng5+ Kg8 8.Ne6 Qe8
9.Nxc7 Qg6 10.Nxa8 Qxg2 11.Rf1 exd4 12.Qxd4 Ne5 13.f4 Nfg4 14.Qd5+ Nf7 15.Qc4 Bh4+
16.Kd1 Be6 17.Qd3 Nxh2 18.f5 Ne5 19.Qe2 Qxe2+ 20.Nxe2 Nxf1 21.fxe6 h6 22.Nc7 Kh7
23.Nd4 Ng3 24.Bf4 Nxe4 25.Ke2 Ng6 26.Bh2 Bd8 27.Nd5 Re8 28.Re1 Bh4 29.Rf1 Ng5
30.Nc7 Rc8 31.Bxd6 Ne4 32.Bh2 Bg3 33.Rf7 Bxh2 34.Nd5 Be5 35.Nf5 Ng5 36.Nde7 Nxe7
37.Rxe7 Kg6 38.Rxb7 Nxe6 39.c3 a5 40.Ra7 Rc5  0-1

[Event "52nd TCh-DEN XtraCon 2013-14"]
[Site "Denmark DEN"]
[Date "2013.11.03"]
[Round "2.6"]
[White "Hove,E"]
[Black "Hoiberg,N"]
[Result "1/2-1/2"]
[WhiteElo "2232"]
[BlackElo "2212"]

1.d4 d6 2.e4 Nf6 3.Nc3 e5 4.Nf3 Nbd7 5.Bc4 Be7 6.h3 O-O 7.Be3 c6 8.Bb3 b5
9.a3 a5 10.d5 c5 11.Nd2 a4 12.Ba2 Ba6 13.Ne2 Ne8 14.O-O Bg5 15.Bxg5 Qxg5
16.c4 Nb6 17.Rc1 g6 18.cxb5 Bxb5 19.Nc4 Nxc4 20.Bxc4 Bd7 21.Rc3 Nf6 22.Re3 Nh5
23.Qc1 Nf4 24.Nxf4 exf4 25.Rf3 Rfb8 26.Re1 f6 27.Re2 Kg7 28.Qxf4 Qxf4 29.Rxf4 Rb6
30.Rf3 Rab8 31.Rc3 Rxb2 32.Ree3 Rd2 33.f4 Rbb2 34.Rg3 h5 35.h4 Rb1+ 36.Kh2 Rdd1
37.Rge3 g5 38.fxg5 fxg5 39.Kg3 gxh4+ 40.Kxh4 Rh1+ 41.Kg3 Kf6 42.e5+ dxe5
43.Be2 h4+ 44.Kf2 Rb2 45.Rxc5 h3 46.gxh3 Rh2+ 47.Ke1 Bxh3 48.d6 Rb1+ 49.Kd2 Rb2+
50.Ke1  1/2-1/2

[Event "52nd TCh-DEN XtraCon 2013-14"]
[Site "Denmark DEN"]
[Date "2013.11.03"]
[Round "2.4"]
[White "Sylvan,J"]
[Black "Petersen,To1"]
[Result "1-0"]
[WhiteElo "2337"]
[BlackElo "2323"]

1.e4 d6 2.d4 Nf6 3.Nc3 e5 4.Nf3 Nbd7 5.Bc4 Be7 6.O-O O-O 7.h3 c6 8.a4 b6
9.Qe2 Bb7 10.Rd1 Qc7 11.Ba2 a6 12.Nh4 Rae8 13.dxe5 Nxe5 14.Nf5 Bc8 15.Ng3 b5
16.Be3 b4 17.Nb1 d5 18.Nd2 Ng6 19.exd5 Bc5 20.Ndf1 Nxd5 21.Bxd5 cxd5 22.Qd2 Be6
23.Ne2 Ne5 24.Bxc5 Qxc5 25.Qd4 Qxd4 26.Nxd4 Nc4 27.b3 Nd6 28.Nc6 a5 29.Ne3 Ra8
30.Nxd5 Nf5 31.Nde7+ Nxe7 32.Nxe7+ Kh8 33.Nd5 Rac8 34.Ne3 Rc3 35.Rd6 g6 36.Rad1 Kg7
37.R1d2 Rfc8 38.Ra6 R8c5 39.Ra7 Bf5 40.g4 Be6 41.Rd6 Bc8 42.Rb6 h5 43.Rb5 hxg4
44.hxg4 Rxc2 45.Nxc2 Rxc2 46.Raxa5 Bxg4 47.Rxb4 Bf3 48.Rc4 Rb2 49.Rc3 Bd1
50.Rb5 f5 51.f4 Bg4 52.Rb8 Rb1+ 53.Kf2 Rb2+ 54.Kg3 Kf7 55.Rc6  1-0

[Event "Arab Clubs 2013"]
[Site "Monastir TUN"]
[Date "2013.11.05"]
[Round "2.4"]
[White "Bengherabi,K"]
[Black "Al Zayat,A"]
[Result "1-0"]
[WhiteElo "2115"]
[BlackElo "2086"]

1.e4 d6 2.d4 Nf6 3.Nc3 e5 4.Nge2 Be7 5.f3 c6 6.Be3 Qa5 7.Qd2 b5 8.a3 Nbd7
9.g4 Nb6 10.b3 c5 11.g5 b4 12.gxf6 bxc3 13.Nxc3 gxf6 14.dxc5 dxc5 15.Bb5+ Bd7
16.b4 cxb4 17.Bxb6 axb6 18.Qxd7+ Kf8 19.Nd5  1-0

[Event "Arab Clubs 2013"]
[Site "Monastir TUN"]
[Date "2013.11.05"]
[Round "3.1"]
[White "Mahmoud,Ab"]
[Black "Haddouche,M"]
[Result "0-1"]
[WhiteElo "2087"]
[BlackElo "2469"]

1.d4 d6 2.e4 Nf6 3.Nc3 Nbd7 4.f4 e5 5.fxe5 dxe5 6.dxe5 Nxe5 7.Qxd8+ Kxd8
8.Bf4 Bd6 9.O-O-O Ke7 10.Bg5 c6 11.Nf3 Bg4 12.Be2 Bxf3 13.gxf3 h6 14.Bh4 g5
15.Bg3 Nh5 16.Rd2 Nf4 17.Nd1 Bc5 18.Rf1 Rad8 19.Bf2 Bb4 20.c3 Rxd2 21.Kxd2 Rd8+
22.Ke1 Ng2+  0-1

[Event "Arab Clubs 2013"]
[Site "Monastir TUN"]
[Date "2013.11.06"]
[Round "4.2"]
[White "Amdouni,Z"]
[Black "Belouadah,S"]
[Result "1-0"]
[WhiteElo "2247"]
[BlackElo "2301"]

1.e4 d6 2.d4 Nf6 3.Nc3 e5 4.Nge2 c6 5.a4 Be7 6.g3 Qc7 7.Bg2 b6 8.O-O Bb7
9.h3 a6 10.f4 h5 11.Be3 Nbd7 12.fxe5 dxe5 13.d5 cxd5 14.Nxd5 Bxd5 15.exd5 Bc5
16.Qd2 Bxe3+ 17.Qxe3 Qxc2 18.Nc3 O-O 19.Rf2 Qg6 20.d6 Rad8 21.a5 b5 22.Rd1 b4
23.Nd5 Nxd5 24.Bxd5 Kh8 25.Bc6 Nb8 26.Be4 f5 27.Rdf1 Qxd6 28.Bxf5 Nc6 29.Be4 Rxf2
30.Rxf2 Nd4 31.Qg5 Rc8 32.Bg6 Ne2+ 33.Kh2 Nxg3 34.Kxg3 h4+  1-0

[Event "TCh-CRO II Liga 2013"]
[Site "Makarska CRO"]
[Date "2013.11.08"]
[Round "7.5"]
[White "Dzaja,M"]
[Black "Stipic,M"]
[Result "1/2-1/2"]
[WhiteElo "1958"]
[BlackElo "2207"]

1.e4 d6 2.d4 Nf6 3.Nc3 c6 4.a4 Nbd7 5.Nf3 Qc7 6.Bc4 d5 7.exd5 Nb6 8.Ba2 Nbxd5
9.Ne5 e6 10.O-O Bd6 11.Re1 O-O 12.Bg5 h6 13.Nxd5 Nxd5 14.Bh4 Be7 15.Bg3  1/2-1/2

[Event "10th European Teams w"]
[Site "Warsaw POL"]
[Date "2013.11.08"]
[Round "1.14"]
[White "Haast,A"]
[Black "Barbier,Wie"]
[Result "1-0"]
[WhiteElo "2262"]
[BlackElo "1945"]

1.e4 d6 2.d4 Nf6 3.Nc3 e5 4.Nf3 Nbd7 5.Bc4 Be7 6.O-O O-O 7.Re1 c6 8.a4 a5
9.Ba2 exd4 10.Nxd4 Nc5 11.Bf4 Ng4 12.Nf5 Ne5 13.Qd4 Bxf5 14.exf5 Qd7 15.Rad1 Rad8
16.Qxc5 Nf3+ 17.gxf3 dxc5 18.Rxd7 Rxd7 19.Ne4 Rd4 20.c3 Rd3 21.Kg2 b5 22.Be5 Re8
23.f6 Bf8 24.f4 h6 25.Bb1 Rd7 26.fxg7 Bxg7 27.Kf3 c4 28.Rg1 Rxe5 29.fxe5 Kf8
30.Kf4 Rd5 31.Nf6 Rd2 32.Ke3 Rxb2 33.Rd1 Ke7 34.Ng8+ Ke6 35.f4 Bf8 36.Be4 Rxh2
37.Bxc6 Bc5+ 38.Kf3 Kf5 39.Be4+ Ke6 40.f5+ Kxe5 41.Rd5+  1-0

[Event "TCh-CRO II Liga 2013"]
[Site "Makarska CRO"]
[Date "2013.11.09"]
[Round "8.5"]
[White "Zaper,M"]
[Black "Stipic,M"]
[Result "1/2-1/2"]
[WhiteElo "1992"]
[BlackElo "2207"]

1.e4 d6 2.d4 Nf6 3.Nc3 c6 4.a4 Nbd7 5.Be3 e5 6.Bc4 Be7 7.f4 O-O 8.Nf3 exf4
9.Bxf4 Nxe4 10.Nxe4 d5 11.Bd3 dxe4 12.Bxe4 Bb4+ 13.c3 Re8 14.Ne5 Nxe5 15.dxe5 Qxd1+
16.Rxd1 Bc5 17.b4 Bf8 18.O-O g6 19.b5 cxb5 20.axb5 a5 21.Rd2 a4 22.Bd5 Re7
23.Bg5 Rc7 24.Bd8 Rd7 25.Bb6 Rxd5 26.Rxd5 Be6 27.Rd4 a3 28.Rff4 Bh6 29.Ra4 Rc8
30.Rh4 Bc1 31.c4 Bb2 32.Re4 Bxc4 33.Rexc4 Rxc4 34.Rxc4 a2 35.Ra4 a1=Q+ 36.Rxa1 Bxa1
37.Bc7 Kf8 38.Kf2 Ke7 39.Ke3 Ke6 40.Ke4 h5 41.Bb8  1/2-1/2

[Event "Krasnoselskaya Autumn IM 2013"]
[Site "St Petersburg RUS"]
[Date "2013.11.09"]
[Round "9.2"]
[White "Rozum,I"]
[Black "Chigaev,M"]
[Result "1/2-1/2"]
[WhiteElo "2523"]
[BlackElo "2491"]

1.d4 d6 2.e4 Nf6 3.Nc3 e5 4.dxe5 dxe5 5.Qxd8+ Kxd8 6.Bc4 Be6 7.Bxe6 fxe6
8.Be3 Bd6 9.f3 Nbd7 10.Nh3 Ke7 11.Nf2 h6 12.O-O-O a6 13.Nb1 Nh5 14.Nd2 b5
15.Nb3 a5 16.Nd3 Ra6 17.a4 bxa4 18.Nbc5 Nxc5 19.Nxc5 Rc6 20.Nxa4 Rb8 21.Kd2 Rd8
22.c3 Nf4 23.Bxf4 exf4 24.Kc2 Rb8 25.Rd4 Rb5 26.Rhd1 Rh5 27.h3 Kf6 28.Re1 Rg5
29.Re2 h5 30.b3 Rb5 31.Nb2 Rbc5 32.Na4 Rb5 33.Nb2 Be5 34.Rc4 Rbc5 35.Kd3 Rd6+
36.Kc2 Rdc6 37.Kd3 Rd6+ 38.Kc2 Rdc6 39.Kd3  1/2-1/2

[Event "20th Mukachevo Rating 2013"]
[Site "Mukachevo UKR"]
[Date "2013.11.10"]
[Round "9.3"]
[White "Bortnyk, Mykola"]
[Black "Sevostianov, Pavel"]
[Result "1/2-1/2"]
[WhiteElo "2423"]
[BlackElo "2291"]

1.e4 d6 2.d4 Nf6 3.Nc3 e5 4.dxe5 dxe5 5.Qxd8+ Kxd8 6.Bc4 Be6 7.Bxe6 fxe6
8.Nf3 Bd6 9.h3 Ke7 10.Be3 Nc6 11.a3 h6 12.O-O-O a6 13.Nd2 g5 14.Nb3 Rhg8
15.f3 h5  1/2-1/2

[Event "IX Chervonograd Cup A 2013"]
[Site "Chervonograd UKR"]
[Date "2013.11.11"]
[Round "1.4"]
[White "Kigel,D"]
[Black "Rakhmangulov,A"]
[Result "1-0"]
[WhiteElo "2310"]
[BlackElo "2390"]

1.e4 d6 2.d4 Nf6 3.Nc3 c6 4.f4 Qa5 5.e5 Ne4 6.Qf3 Nxc3 7.Bd2 Qd5 8.Qxc3 Bf5
9.Be2 Nd7 10.Bf3 Be4 11.Qe3 Bxf3 12.Nxf3 e6 13.Qe2 b5 14.b3 Nb6 15.a4 dxe5
16.fxe5 Be7 17.a5 Nc8 18.c4 Qd7 19.O-O O-O 20.Rad1 Rb8 21.Qe4 bxc4 22.bxc4 Rb3
23.Rb1 Ra3 24.Rfd1 Re8 25.Be1 Rd8 26.Rb8 c5 27.d5 Qa4 28.Qb1 exd5 29.cxd5 h6
30.d6 Bf8 31.Bh4 f6 32.exf6 Rxd6 33.f7+ Kxf7 34.Rf1 Kg8 35.Qf5 Rxf3 36.Qxf3 Qe8
37.Qxf8+  1-0

[Event "IX Chervonograd Cup A 2013"]
[Site "Chervonograd UKR"]
[Date "2013.11.12"]
[Round "3.5"]
[White "Licznerski,L"]
[Black "Rakhmangulov,A"]
[Result "1-0"]
[WhiteElo "2305"]
[BlackElo "2390"]

1.e4 d6 2.d4 Nf6 3.Nc3 e5 4.Nf3 Nbd7 5.Bc4 Be7 6.O-O O-O 7.Re1 c6 8.a4 Qc7
9.h3 b6 10.Bg5 Bb7 11.dxe5 dxe5 12.Nh4 Nc5 13.Nf5 Ne6 14.Bxe6 fxe6 15.Nxe7+ Qxe7
16.Qe2 h6 17.Bd2 a6 18.Nd1 c5 19.f3 Bc6 20.Bc3 Qc7 21.Qe3 a5 22.Nf2 Rad8
23.b3 Bb7 24.Qc1 Nh5 25.Qb2 Rd4 26.Bxd4 exd4 27.c4 Rxf3 28.Qe2 Rxf2 29.Qxf2 Qe5
30.Ra2 Ng3 31.Qf3 h5 32.Rf2 Bc6 33.h4 Kh7 34.Qf4 Qxf4 35.Rxf4 e5 36.Rf3 Nxe4
37.Rf5 Nd2 38.Rxh5+ Kg8 39.Rhxe5 Nxb3 40.Re6 Bxa4 41.Rxb6 Nd2 42.Ra1 Bc2
43.Rxa5 Nb3 44.Rab5 Nc1 45.Rxc5 Ne2+ 46.Kf2 Nc3 47.Rc8+ Kh7 48.Rd8 Ne4+ 49.Ke1 d3
50.Rbd6  1-0

[Event "IX Chervonograd Cup A 2013"]
[Site "Chervonograd UKR"]
[Date "2013.11.13"]
[Round "5.6"]
[White "Zajarnyi,A"]
[Black "Rakhmangulov,A"]
[Result "1/2-1/2"]
[WhiteElo "2285"]
[BlackElo "2390"]

1.e4 d6 2.d4 Nf6 3.Nc3 e5 4.dxe5 dxe5 5.Qxd8+ Kxd8 6.Bc4 Ke8 7.Be3 c6 8.f3 Nbd7
9.a4 a5 10.Nge2 Bc5 11.Kf2 Bxe3+ 12.Kxe3 Nc5 13.Rhd1 Be6 14.Bxe6 Nxe6 15.Rd2 Ke7
16.Rad1 Rhd8  1/2-1/2

[Event "23rd World Seniors 2013"]
[Site "Opatija CRO"]
[Date "2013.11.13"]
[Round "2.51"]
[White "Wittmann,W"]
[Black "Belokopyt,B"]
[Result "1-0"]
[WhiteElo "2224"]
[BlackElo "1942"]

1.e4 d6 2.d4 Nf6 3.Nc3 c6 4.f4 Nbd7 5.e5 Nd5 6.Nxd5 cxd5 7.Nf3 e6 8.Bd3 dxe5
9.fxe5 Be7 10.Qe2 Nf8 11.h4 h6 12.c3 Bd7 13.a4 a6 14.Bd2 Bc6 15.g3 Qd7 16.b3 Rc8
17.O-O Bd8 18.Nh2 b5 19.axb5 axb5 20.Rfb1 Be7 21.Ng4 Qd8 22.Rf1 Nd7 23.h5 O-O
24.Rf2 Qe8 25.Raf1 f5 26.exf6  1-0

[Event "23rd World Seniors 2013"]
[Site "Opatija CRO"]
[Date "2013.11.14"]
[Round "3.58"]
[White "Valenti,G"]
[Black "Carlsten,P"]
[Result "1/2-1/2"]
[WhiteElo "2182"]
[BlackElo "1997"]

1.e4 d6 2.d4 Nf6 3.Nc3 e5 4.Nf3 Nbd7 5.Bc4 Be7 6.a4 O-O 7.O-O a5 8.h3 c6
9.Re1 Qb6 10.Ba2 exd4 11.Nxd4 Nc5 12.Qf3 Qb4 13.Qe3 Re8 14.Bd2 Qb6 15.Nb3 Ncd7
16.Qg3 Nf8 17.Be3 Qb4 18.Rad1 Ne6 19.Bd2 Qb6 20.Bc1 Bf8 21.Nd2 Rd8 22.Nc4 Qc7
23.Be3 Ra6 24.Rd3 d5 25.Qxc7 Nxc7 26.Bb6 Rd7 27.Bxc7 Rxc7 28.exd5 cxd5 29.Ne3 Be6
30.Nexd5 Bxd5 31.Bxd5 Bb4 32.Bb3 g6 33.Ree3 Re7 34.Rxe7 Bxe7 35.g4 Rd6 36.Re3 Rd7
37.Re2 Kf8 38.Bc4 Rd4 39.b3 h5 40.f3 hxg4 41.hxg4 Bb4 42.Nb5 Rd2 43.Rxd2 Bxd2
44.Kf2 Ke7 45.Ke2 Bf4 46.Kd3 g5 47.Kd4 b6 48.Bd5 Nd7 49.Be4 Ne5 50.Kd5 Kd7
51.c4 f6 52.Nd4 Be3 53.Nb5 Bc5 54.Bf5+ Ke7 55.Be4 Kd7 56.Nd4 Bb4 57.Ne2 Bc5
58.f4 gxf4 59.Nxf4 Ke7 60.Bf5 Bf2 61.Ne6 Nf3 62.c5 bxc5 63.Nxc5 Nd2 64.Nb7 Nxb3
65.Kc4 Nd4 66.Be4 Ke6 67.Nxa5 Ke5 68.Bb7 f5  1/2-1/2

[Event "IX Chervonograd Cup A 2013"]
[Site "Chervonograd UKR"]
[Date "2013.11.15"]
[Round "8.4"]
[White "Terletsky,O"]
[Black "Licznerski,L"]
[Result "0-1"]
[WhiteElo "2276"]
[BlackElo "2305"]

1.e4 d6 2.d4 Nf6 3.Nc3 e5 4.Nf3 Nbd7 5.Bc4 Be7 6.O-O O-O 7.Re1 c6 8.a4 Qc7
9.Ba2 b6 10.Bg5 Bb7 11.Qd2 h6 12.Bh4 a6 13.d5 cxd5 14.Nxd5 Bxd5 15.exd5 Nc5
16.Qb4 b5 17.a5 Rfc8 18.Re2 Nb7 19.Bb3 Bd8 20.h3 Qc5 21.c3 Nxd5 22.Qe4 Nf4
23.Rd2 Qc7 24.Bc2 g6 25.Bg3 Nh5 26.Bb3 Kg7 27.Qe2 Nxg3 28.fxg3 Nxa5 29.Bd5 Ra7
30.Rf1 Nc4 31.Rd3 Qc5+ 32.Kh1 Nb6 33.b4 Qc7 34.Nxe5 dxe5 35.Rxf7+ Qxf7 36.Bxf7 Rxf7
37.Qxe5+ Bf6 38.Qe6 Rb8 39.Rd6 Na4 40.c4 a5 41.c5 axb4 42.Rd7 Rf8 43.c6 Nc5
44.Rxf7+ Rxf7 45.Qxf7+ Kxf7 46.c7 b3 47.c8=Q b2 48.Qc7+ Kg8 49.Qb8+ Kh7 50.Qxb5 Bg7
51.Qb4 Nd3 52.Qb5 Nf2+ 53.Kh2 Ne4 54.Qb4 Nd2 55.Qxd2 b1=Q 56.h4 Qf5 57.Qe2 Be5
58.Qf3 Kg7 59.Qb7+ Qf7 60.Qf3 Qxf3 61.gxf3 Kf6 62.Kg2 Kf5 63.Kf2 Bc7 64.Kg2 Ke6
65.Kh3 Kf5 66.Kg2 Bb6 67.Kh3 Bf2 68.Kg2 Be1 69.Kh3 Bd2 70.Kg2 Be3 71.Kh3 Bc1
72.Kg2 Ke5 73.Kh3 Kd4 74.Kg4 Ke3 75.f4 Kf2 76.h5 g5 77.fxg5 Bxg5 78.Kf5 Kf3
79.Ke5 Ke3 80.Kd5 Bf6 81.g4 Bd4 82.Kc4 Ke4 83.Kb3 Kd3 84.Kb4 Be3 85.Kb3 Bd2
86.Kb2 Bb4 87.Kb3 Bc3 88.Ka4 Kc4 89.Ka3 Ba5 90.Kb2 Bb4 91.Kc2 Bc3 92.Kd1 Kd3
93.Kc1 Bd4 94.Kd1 Bf2 95.Kc1 Bd4 96.Kd1 Bb2 97.Ke1 Bc3+ 98.Kf2 Bd2 99.Kf3 Bg5
100.Kf2 Bc1 101.Ke1 Be3 102.Kf1 Kd2 103.Kg2 Ke2 104.Kg3 Bg5 105.Kg2 Bf4 106.Kg1 Kf3
107.Kf1 Bd2 108.Kg1 Be3+ 109.Kh2 Bf2  0-1

[Event "23rd World Seniors 2013"]
[Site "Opatija CRO"]
[Date "2013.11.15"]
[Round "4.75"]
[White "Bauza Mercere,Eduardo"]
[Black "Chirinos,C"]
[Result "0-1"]
[WhiteElo "1811"]
[BlackElo "2059"]

1.e4 d6 2.d4 Nf6 3.Nc3 c6 4.a4 Qa5 5.Bd2 Qb6 6.Nge2 e5 7.a5 Qd8 8.h3 Na6
9.Be3 Be7 10.g3 c5 11.dxe5 dxe5 12.Qxd8+ Bxd8 13.Bg2 Nb4 14.Kd2 Be7 15.Na4 Na6
16.b3 Be6 17.c4 Bd7 18.Nec3 O-O-O 19.Nd5 Bxa4 20.Rxa4 Ne8 21.Kc3 Bd6 22.h4 Nec7
23.Bh3+ Kb8 24.Rb1 Ne6 25.Bc1 Nd4 26.Ba3 Nc6 27.Bc1 Rhe8 28.Be3 Nd4 29.Bf1 Nb4
30.Kb2 Nbc6 31.Bd2 f5 32.exf5 Nxf5 33.Bd3 e4 34.Bc2 Be5+ 35.Kc1 Bd4 36.b4 cxb4
37.Nxb4 Nxb4 38.Raxb4 b6 39.axb6 axb6 40.Rb5 Nd6 41.Bf4 Kc8 42.Rg5 Re7 43.Rd5 Bc5
44.Bg5 Rde8 45.Bxe7 Rxe7 46.Bb3 Kc7 47.Ra1 Bxf2 48.Ra7+ Nb7 49.Kd2 Bxg3 50.h5 Bf2
51.Ke2 Bc5 52.Rf5 Kb8 53.Ra1 g6 54.hxg6 hxg6 55.Rg5 Rh7 56.Rf1 Rh2+ 57.Kd1 e3
58.Re5 Rd2+ 59.Ke1 Rb2 60.Rf7 Rxb3  0-1

[Event "23rd World Seniors 2013"]
[Site "Opatija CRO"]
[Date "2013.11.15"]
[Round "4.23"]
[White "Shevelev,A"]
[Black "Kostanjsek,Z"]
[Result "1/2-1/2"]
[WhiteElo "2302"]
[BlackElo "2177"]

1.e4 d6 2.d4 Nf6 3.Nc3 e5 4.Nf3 Nbd7 5.Bc4 Be7 6.O-O O-O 7.a4 a5 8.h3 c6
9.Qe2 Qc7 10.Rd1 exd4 11.Nxd4 Nc5 12.Bf4 Be6 13.Nxe6 fxe6 14.Bg3 Kh8 15.e5 Nd5
16.Nxd5 exd5 17.Bd3 dxe5  1/2-1/2

[Event "4th Brno Open 2013"]
[Site "Brno CZE"]
[Date "2013.11.16"]
[Round "1.1"]
[White "Chan,Na"]
[Black "Plat,V"]
[Result "1/2-1/2"]
[WhiteElo "1848"]
[BlackElo "2472"]

1.e4 d6 2.d4 Nf6 3.Nc3 e5 4.Nf3 Nbd7 5.Bc4 Be7 6.O-O O-O 7.Re1 c6 8.h3 b5
9.Bd3 a6 10.dxe5 dxe5 11.Ne2 Qc7 12.Ng3 Nc5 13.Be3 g6 14.Qe2 Ne6 15.c3 Bb7
16.Bc2 c5 17.Rad1 Rfe8 18.Bg5 c4 19.Qe3 Rad8 20.Rxd8 Rxd8 21.Rd1 Rxd1+ 22.Bxd1 Nxg5
23.Qxg5 Nxe4 24.Qxe5 Qxe5 25.Nxe5 Nxg3 26.fxg3 Bd6 27.Nf3 Bxg3 28.a4 Bf4
29.axb5 axb5 30.b3 Bd5 31.bxc4 Bxc4 32.Kf2 f6 33.Be2 Kf7 34.Nd4 Ke7 35.Nxb5 Bg8
36.Kf3 Be5 37.Ke4 Kd7 38.Nd4 Kd6 39.Kd3 Kc5 40.Bf3 Ba2 41.Bd1 Bc4+ 42.Ke3 Bd5
43.Bf3 Bxf3 44.Nxf3 Bxc3 45.Kf4 Kd5 46.Ng1 Be5+ 47.Kf3 Kd4 48.h4 Kd3 49.g3 Kd2
50.g4 Ke1 51.Nh3 Kf1 52.h5 g5 53.Nf2 Kg1 54.Nd3 Kh2 55.Ke4 Kg3 56.Kf5 Bd6
57.Nc1 Kf3 58.Nb3 Ke3 59.Na5 Bf8 60.Nc6 Ba3 61.Nd8 Kf3 62.Ne6 Be7 63.Ng7 Ke3
64.Ne8 Bd8 65.Ng7 Kd3 66.Ne8 Ke3 67.Ng7 Kf2 68.Ne8 Kf3 69.Ng7 Ke3 70.Ne8 Be7
71.h6 Kf3 72.Nxf6 Bxf6 73.Kxf6 Kxg4 74.Kg7 Kf5 75.Kxh7 g4 76.Kg8 g3 77.h7 g2
78.h8=Q g1=Q+ 79.Qg7 Qxg7+ 80.Kxg7  1/2-1/2